| 000 | 01013nam a2200265Ia 4500 | ||
|---|---|---|---|
| 003 | OSt | ||
| 005 | 20221005105734.0 | ||
| 006 | a|||||r|||| 00| 0 | ||
| 007 | ta | ||
| 008 | 221004b |||||||| |||| 00| 0 hin d | ||
| 020 |
_a9789381632420 (hbk) _c895 |
||
| 024 | _a25469 | ||
| 037 |
_b372, 08/03/2016, Eastern Book Linkers _cTextual |
||
| 040 |
_aCRL _cCRL _bhin |
||
| 041 |
_2hin _ahin |
||
| 082 | _aR6:gN, 152Q0 | ||
| 100 | _aओझा, भुवनेश्वर नाथ | ||
| 245 | 0 |
_aभारतीय दर्शन _b समकालीन संदर्भ |
|
| 246 | _aBhāratīya darshana: samakālīn sandarbha | ||
| 260 |
_aनई दिल्ली _bसत्यम पब्लिशिंग हाउस भारत _c2010 |
||
| 300 |
_a482पृ0 _ccm. |
||
| 650 | _aभारतीय दर्शन | ||
| 942 |
_hR6:gN, 152Q0 _cTEXL _2cc |
||
| 999 |
_c1016758 _d1016758 |
||